Mis recursos Web. Trucos para webmasters
Đã lưu trong:
| Tác giả chính: | |
|---|---|
| Định dạng: | Sách |
| Ngôn ngữ: | Tiếng Tây Ban Nha |
| Được phát hành: |
Ciudad de México
Alfaomega
2013
Ciudad de México Ra-Ma 2013 |
| Phiên bản: | 1a. ed |
| Những chủ đề: | |
| Các nhãn: |
Thêm thẻ
Không có thẻ, Là người đầu tiên thẻ bản ghi này!
|
MARC
| LEADER | 00000cam a2200000 a 4500 | ||
|---|---|---|---|
| 001 | UCE5393 | ||
| 003 | CL-VaPUC | ||
| 008 | 141230e20130000mx |||||||||||||||||spa|d | ||
| 020 | |a 9786077076858 | ||
| 082 | 0 | 4 | |a 004.6 |b LOP |2 21 |
| 100 | |a López Quijado, José |e autor |9 578005 | ||
| 245 | 1 | 0 | |a Mis recursos Web. Trucos para webmasters |
| 250 | |a 1a. ed | ||
| 300 | |a 202 p | ||
| 942 | |c BK | ||
| 945 | |d 20141230 16:04:00 |a arojas | ||
| 260 | |a Ciudad de México |b Alfaomega |c 2013 | ||
| 260 | |a Ciudad de México |b Ra-Ma |c 2013 | ||
| 650 | 7 | |a SERVIDORES |2 CL-VaPUC |9 434425 | |
| 650 | 0 | |a Servidores web |9 462893 | |
| 650 | 0 | |a Lenguajes de programación |9 259458 | |
| 650 | 7 | |a CORREO ELECTRONICO |2 CL-VaPUC |9 340458 | |
| 583 | |a last modification |c 20141230 16:04:00 |k Rodrigo Vera | ||
| 999 | |c 358123 |d 358121 | ||
| 952 | |0 0 |1 0 |3 erb |4 0 |6 004_600000000000000_LOP_2013_2013 |7 0 |8 A |9 466576 |a BIBING |b BIBING |i 5131650 |o 004.6 LOP 2013 2013 |p 5131650 |r 2024-01-25 |w 2019-11-23 |y BK |z Catalogado en:20141230 |k CCI | ||
| 952 | |0 0 |1 0 |3 erb |4 0 |6 004_600000000000000_LOP_2013_2013 |7 0 |8 A |9 466577 |a BIBING |b BIBING |i 5131669 |o 004.6 LOP 2013 2013 |p 5131669 |r 2024-01-25 |w 2019-11-23 |y BK |z Catalogado en:20141230 |k CCI | ||
| 952 | |0 0 |1 0 |3 erb |4 0 |6 004_600000000000000_LOP_2013_2013 |7 0 |8 A |9 466578 |a BIBING |b BIBING |i 5131677 |o 004.6 LOP 2013 2013 |p 5131677 |r 2024-01-25 |w 2019-11-23 |y BK |z Catalogado en:20141230 |k CCI | ||
| 952 | |0 0 |1 0 |3 erb |4 0 |6 004_600000000000000_LOP_2013_2013 |7 0 |8 A |9 466579 |a BIBING |b BIBING |i 5131685 |o 004.6 LOP 2013 2013 |p 5131685 |r 2024-01-25 |w 2019-11-23 |y BK |z Catalogado en:20141230 |k CCI | ||
| 952 | |0 0 |1 0 |3 erb |4 0 |6 004_600000000000000_LOP_2013_2013 |7 0 |8 A |9 466580 |a BIBING |b BIBING |i 5131693 |o 004.6 LOP 2013 2013 |p 5131693 |r 2024-01-25 |w 2019-11-23 |y BK |z Catalogado en:20141230 |k CCI | ||